000
00215 a2200097 4500
001
11973
100
_a
Henderson, W.,
245
_a
The moral foundation
260
_a
_b
University of Chiago
_c
090
_c
9226
_d
9226
942
_a
NUST-CAE
_c
M
_c
36074
999
_c
247046
_d
247046